header

The road to redemption (Record no. 65109)

MARC details
000 -LEADER
fixed length control field 01362nam a2200337Ia 4500
100 1# - MAIN ENTRY--AUTHOR NAME
Personal name Perman, Michael.
245 14 - TITLE STATEMENT
Title The road to redemption
260 ## - PUBLICATION, DISTRIBUTION, ETC. (IMPRINT)
Place of publication Chapel Hill :
Name of publisher University of North Carolina Press,
Year of publication c1984.
300 ## - PHYSICAL DESCRIPTION
Number of Pages xiv, 353 p.
490 1# - SERIES STATEMENT
Series statement The Fred W. Morrison series in Southern studies
650 #0 - SUBJECT ADDED ENTRY--TOPICAL TERM
Topical Term Reconstruction.
856 40 - ELECTRONIC LOCATION AND ACCESS
Uniform Resource Identifier http://site.ebrary.com/lib/rucke/Doc?id=10052967

No items available.

© 2026 Rongo University
Contact us: librarian | system librarian | Rongo university